003590000a220010900045001000013000002450046000133000053000597730022001129420008001349520090001429990017002321 aNaeh, S.10aTiros --Wine or grape? A case of metonymy aVol. 44, Num. 1 (Enero, 1994), Páginas 115-1200 tVetus Testamentum cANA 001040708HEMaFUSBCbFUSBCd2016-01-26l0o r2016-01-26 00:00:00w2016-01-26yANA c57894d57894